[Event "Offene Hessische Senioren Einzelmeisters"]
[Site "Bad Sooden- Allendorf"]
[Date "2011.05.06"]
[Round "7.80"]
[White "Neumann, Dr. Peter"]
[Black "Blosze, Winfried"]
[Result "0-1"]
[WhiteElo "1888"]
[BlackElo "1956"]
[PlyCount "84"]
[EventDate "2011.??.??"]

1. d4 Nf6 2. c4 g6 3. Nc3 d5 4. cxd5 Nxd5 5. e4 Nxc3 6. bxc3 Bg7 7. Nf3 O-O 8.
Be2 c5 9. Be3 Qa5 10. Qd2 Rd8 11. Rd1 Nc6 12. O-O Bg4 13. Qb2 b6 14. Rd3 Bxf3
15. Bxf3 Ne5 16. Rd2 Nc4 17. Qc2 Nxd2 18. Qxd2 cxd4 19. cxd4 Qxd2 20. Bxd2 Rxd4
21. Be3 Ra4 22. e5 Rc8 23. Bd5 e6 24. Bb3 Re4 25. Rd1 Rxe5 26. g3 b5 27. Bxa7
Bf8 28. Be3 Kg7 29. Rd7 Bc5 30. Bf4 Re2 31. Rd2 Bxf2+ 32. Kf1 Rxd2 33. Bxd2 Bd4
34. Bf4 e5 35. Bd2 f5 36. Ke2 Kf6 37. Kf3 g5 38. h3 h6 39. Ke2 e4 40. Kf1 Ke5
41. Ke2 f4 42. gxf4+ gxf4 0-1

[Event "Offene Hessische Senioren Einzelmeisters"]
[Site "Bad Sooden- Allendorf"]
[Date "2011.05.06"]
[Round "7.81"]
[White "Auerswald, Dr. Gottfried"]
[Black "Didzuhn, Dr. Werner"]
[Result "1/2-1/2"]
[WhiteElo "1703"]
[BlackElo "1930"]
[PlyCount "66"]
[EventDate "2011.??.??"]

1. e4 e5 2. Nf3 d6 3. d4 exd4 4. Nxd4 Nf6 5. Nc3 Be7 6. Bd3 Nc6 7. Bb5 Bd7 8.
O-O O-O 9. Nxc6 bxc6 10. Bc4 Bg4 11. Be2 Bxe2 12. Qxe2 Re8 13. Qf3 Nd7 14. Qd1
Bf6 15. f3 Nc5 16. Ne2 d5 17. exd5 cxd5 18. c3 c6 19. Re1 Qd7 20. b4 Ne6 21.
Bd2 d4 22. Be3 Rad8 23. cxd4 Nxd4 24. Bxd4 Rxe2 25. Qxe2 Bxd4+ 26. Kf1 Bxa1 27.
Rxa1 Qd4 28. Re1 g6 29. a3 Qc3 30. Qe3 Qc4+ 31. Qe2 Qc3 32. Qe3 Rd3 33. Qxa7
Qxa3 1/2-1/2

[Event "Offene Hessische Senioren Einzelmeisters"]
[Site "Bad Sooden- Allendorf"]
[Date "2011.05.06"]
[Round "7.82"]
[White "Schmieder, Wolfgang"]
[Black "Klein, Alfred"]
[Result "1/2-1/2"]
[WhiteElo "1868"]
[BlackElo "1737"]
[PlyCount "48"]
[EventDate "2011.??.??"]

1. c4 c5 2. Nc3 Nc6 3. Nf3 Nf6 4. d4 cxd4 5. Nxd4 g6 6. Nxc6 bxc6 7. g3 Bg7 8.
Bg2 O-O 9. O-O Bb7 10. e4 Qc7 11. Be3 d6 12. Qe2 Ba6 13. Rac1 Nd7 14. b3 Qa5
15. Bd2 Qc7 16. Be3 Ne5 17. f4 Nd7 18. Rf2 Nc5 19. Bxc5 dxc5 20. e5 Rfd8 21.
Ne4 Qb6 22. Rd1 Rd4 23. Qc2 Rad8 24. Rfd2 Bc8 1/2-1/2

[Event "Offene Hessische Senioren Einzelmeisters"]
[Site "Bad Sooden- Allendorf"]
[Date "2011.05.06"]
[Round "7.83"]
[White "Krause, Werner"]
[Black "Gelzinnus, Siegfried"]
[Result "0-1"]
[WhiteElo "1695"]
[BlackElo "1821"]
[PlyCount "128"]
[EventDate "2011.??.??"]

1. Nc3 d5 2. e4 d4 3. Nce2 Nc6 4. Nf3 Nf6 5. Ng3 g6 6. a3 Bg7 7. Bc4 Qd6 8. d3
h6 9. Qe2 e5 10. Bd2 Be6 11. Bxe6 Qxe6 12. b4 a6 13. O-O O-O 14. Rfb1 b5 15.
Qe1 Rfd8 16. Qc1 Kh7 17. h3 Qd6 18. Nh2 Na7 19. a4 c5 20. bxc5 Qxc5 21. Bb4 Qb6
22. axb5 Nxb5 23. Ba5 Qc6 24. Bxd8 Rxd8 25. Rb4 Nc3 26. Rc4 Qe6 27. f3 Rb8 28.
Kf2 Bf8 29. Ne2 Bb4 30. Ng4 Ng8 31. Nxc3 dxc3 32. Rb1 a5 33. Ke2 h5 34. Nf2 Qd6
35. Nd1 Nf6 36. Nxc3 Ra8 37. Na4 Nd7 38. Qe3 Rb8 39. Rb3 Rb5 40. c3 Nc5 41. Rb1
Nxa4 42. cxb4 axb4 43. Qd2 Nc3+ 44. Rxc3 bxc3 45. Qc2 Rxb1 46. Qxb1 Qa3 47. Qc2
Kg7 48. g3 Kf6 49. f4 exf4 50. gxf4 g5 51. e5+ Ke6 52. d4 gxf4 53. Kd3 Qb2 54.
Qxc3 Qxc3+ 55. Kxc3 Kd5 56. Kd3 f3 57. Ke3 f2 58. Kxf2 Kxd4 59. Kg3 Kxe5 60.
Kh4 f5 61. Kxh5 f4 62. Kg4 Ke4 63. h4 f3 64. Kg3 Ke3 0-1

[Event "Offene Hessische Senioren Einzelmeisters"]
[Site "Bad Sooden- Allendorf"]
[Date "2011.05.06"]
[Round "7.84"]
[White "van Vorselen, Theo"]
[Black "Ludwig, Richard"]
[Result "1-0"]
[WhiteElo "1858"]
[BlackElo "1716"]
[PlyCount "53"]
[EventDate "2011.??.??"]

1. e4 Nf6 2. Nc3 d5 3. e5 d4 4. Nce2 Nfd7 5. e6 fxe6 6. Nxd4 Nf6 7. Nb3 Nc6 8.
Bb5 Bd7 9. d4 a6 10. Bd3 Nb4 11. Be2 Bc6 12. Nf3 Be4 13. Bd3 Bxd3 14. cxd3 Nc6
15. O-O Qd5 16. Qe2 O-O-O 17. Re1 g6 18. Qxe6+ Qxe6 19. Rxe6 Bg7 20. Ne5 Nxe5
21. dxe5 Rxd3 22. Bg5 Nd7 23. Rxe7 h6 24. Rxg7 hxg5 25. Rxg6 Nxe5 26. Rxg5 Rhd8
27. Rxe5 1-0

[Event "Offene Hessische Senioren Einzelmeisters"]
[Site "Bad Sooden- Allendorf"]
[Date "2011.05.06"]
[Round "7.85"]
[White "Wauer, Klaus"]
[Black "Schiller, Hans"]
[Result "1-0"]
[WhiteElo "1835"]
[BlackElo "1856"]
[PlyCount "58"]
[EventDate "2011.??.??"]

1. e4 c5 2. Nf3 d6 3. d4 cxd4 4. Nxd4 Nf6 5. Nc3 a6 6. Be2 e6 7. Be3 Be7 8. Qd2
O-O 9. O-O b5 10. a3 Bb7 11. Bf3 Nbd7 12. Rfe1 Ne5 13. Qe2 Rc8 14. Bg5 Nc4 15.
Nd1 h6 16. Bxf6 Bxf6 17. c3 Qb6 18. Nc2 Nxb2 19. Nxb2 Bxc3 20. Reb1 Qc7 21. Ne1
Qd7 22. Rd1 Qe7 23. Rd3 Qf6 24. Rb1 Be5 25. Nd1 Qg5 26. Ne3 Bxe4 27. Bxe4 Qh4
28. Ng4 f5 29. Nxe5 dxe5 1-0

[Event "Offene Hessische Senioren Einzelmeisters"]
[Site "Bad Sooden- Allendorf"]
[Date "2011.05.06"]
[Round "7.86"]
[White "Jobski, Werner"]
[Black "Klose, Hans-Peter"]
[Result "1/2-1/2"]
[WhiteElo "1860"]
[BlackElo "1729"]
[PlyCount "36"]
[EventDate "2011.??.??"]

1. e4 c5 2. Nf3 d6 3. Bc4 e6 4. O-O g6 5. d4 cxd4 6. Qxd4 Nf6 7. Bg5 Be7 8. Bh6
Nc6 9. Qc3 Qa5 10. Bg7 Qxc3 11. Nxc3 Rg8 12. Bh6 Ng4 13. Bd2 Nge5 14. Be2 Nxf3+
15. Bxf3 Bd7 16. Nb5 Rc8 17. Rad1 a6 18. Nc3 Nd4 1/2-1/2

[Event "Offene Hessische Senioren Einzelmeisters"]
[Site "Bad Sooden- Allendorf"]
[Date "2011.05.06"]
[Round "7.87"]
[White "Ludwig, Siegfried"]
[Black "Alefs, Willi"]
[Result "1-0"]
[WhiteElo "1630"]
[BlackElo "1907"]
[PlyCount "63"]
[EventDate "2011.??.??"]

1. e4 e5 2. Nf3 Nc6 3. d4 exd4 4. Nxd4 Bc5 5. Be3 Qf6 6. c3 Nge7 7. Be2 O-O 8.
O-O Qh4 9. Nd2 Bb6 10. f4 Nxd4 11. cxd4 f5 12. Nf3 Qh6 13. Bc4+ Kh8 14. Ng5 Qg6
15. Qb3 h6 16. Rf3 fxe4 17. Rg3 d5 18. Bxd5 Nxd5 19. Qxd5 hxg5 20. Rxg5 Rf5 21.
Qd8+ Kh7 22. Rxg6 Kxg6 23. g4 Rf6 24. f5+ Kh7 25. Kg2 c5 26. Qd5 cxd4 27. Bxd4
Bxd4 28. Qxd4 Rc6 29. Qxe4 Kh8 30. Qe8+ Kh7 31. Re1 Rc7 32. Qh5+ 1-0

[Event "Offene Hessische Senioren Einzelmeisters"]
[Site "Bad Sooden- Allendorf"]
[Date "2011.05.06"]
[Round "7.88"]
[White "Helm, Irmgard"]
[Black "Schneidereit, Manfred"]
[Result "0-1"]
[WhiteElo "1714"]
[BlackElo "1822"]
[PlyCount "120"]
[EventDate "2011.??.??"]

1. d4 Nf6 2. c4 d5 3. Nc3 g6 4. Nf3 Bg7 5. Bg5 dxc4 6. Qa4+ c6 7. Qxc4 O-O 8.
e3 Be6 9. Qd3 Nbd7 10. Be2 Nb6 11. b3 Nbd5 12. O-O Nxc3 13. Qxc3 Ne4 14. Qc2
Nxg5 15. Nxg5 Bd7 16. h4 h6 17. Ne4 Bf5 18. g4 Bxe4 19. Qxe4 e6 20. Bd3 Qxh4
21. Kg2 Qg5 22. Rh1 Qd5 23. f3 Qxe4 24. Bxe4 f5 25. gxf5 exf5 26. Bd3 b5 27.
Rac1 Rf6 28. Rc2 Rd8 29. Rhc1 Rdd6 30. a4 a6 31. axb5 axb5 32. Ra2 Kh7 33. Rac2
h5 34. Rc5 Kh6 35. b4 Bf8 36. Be2 Rde6 37. Re5 Bxb4 38. f4 Bd2 39. Rc2 Bxe3 40.
Rxe6 Rxe6 41. Bf3 Bxd4 42. Rxc6 Rxc6 43. Bxc6 b4 44. Ba4 g5 45. fxg5+ Kxg5 46.
Kh3 h4 47. Bd1 Bf2 48. Bb3 Kf4 49. Bc2 Ke5 50. Kg2 Bg3 51. Bd1 f4 52. Bc2 Kd4
53. Bd1 Ke3 54. Bh5 b3 55. Kf1 f3 56. Bg6 h3 57. Kg1 b2 58. Kh1 f2 59. Bd3
b1=Q+ 60. Bxb1 f1=Q# 0-1

[Event "Offene Hessische Senioren Einzelmeisters"]
[Site "Bad Sooden- Allendorf"]
[Date "2011.05.06"]
[Round "7.89"]
[White "Knobling, Rolf"]
[Black "Schneider, Hans"]
[Result "1/2-1/2"]
[WhiteElo "1636"]
[BlackElo "1793"]
[PlyCount "39"]
[EventDate "2011.??.??"]

1. e4 c5 2. Nf3 Nc6 3. d4 cxd4 4. Nxd4 g6 5. Be3 Bg7 6. c3 Nf6 7. f3 O-O 8. Be2
d5 9. Nd2 dxe4 10. fxe4 e5 11. Nxc6 bxc6 12. Bf3 Be6 13. O-O Qc8 14. Qa4 Nd7
15. b4 Qc7 16. Nb3 Rfc8 17. Rfd1 Nb6 18. Qa5 Nc4 19. Qxc7 Rxc7 20. Bf2 {
weitere 6 Züge nicht rekonstruierbar} 1/2-1/2

[Event "Offene Hessische Senioren Einzelmeisters"]
[Site "Bad Sooden- Allendorf"]
[Date "2011.05.06"]
[Round "7.90"]
[White "Janzen, Christian"]
[Black "Grüneschild, Hildegard"]
[Result "1-0"]
[WhiteElo "1759"]
[BlackElo "1634"]
[PlyCount "105"]
[EventDate "2011.??.??"]

1. e4 c5 2. Nf3 d6 3. d4 cxd4 4. Nxd4 Nf6 5. Nc3 a6 6. Be2 e6 7. O-O Be7 8. Be3
O-O 9. f4 Qc7 10. Qe1 b5 11. Bf3 Bb7 12. e5 dxe5 13. Bxb7 Qxb7 14. fxe5 Nd5 15.
Nxd5 Qxd5 16. Qg3 Nd7 17. Nf3 Bc5 18. Bf2 Rac8 19. Rad1 Bxf2+ 20. Qxf2 Qc6 21.
Rd6 Qb7 22. b4 Rc6 23. Rfd1 Nb6 24. Rxc6 Qxc6 25. Rd6 Qc3 26. Rxb6 Qa1+ 27. Qe1
Qxa2 28. Qc3 Qd5 29. Rd6 Qb7 30. Qc6 Qa7+ 31. Qb6 Qa8 32. Nd2 Qc8 33. Qxa6 Qxc2
34. Qxb5 Qd1+ 35. Qf1 Qa4 36. b5 Rc8 37. h3 h6 38. Qd3 Qa1+ 39. Nf1 Qxe5 40.
Rd8+ Rxd8 41. Qxd8+ Kh7 42. b6 Qc5+ 43. Kh2 Qe5+ 44. Ng3 f5 45. Qc7 Qd4 46. Nh5
Kg6 47. Qxg7+ Qxg7 48. Nxg7 Kxg7 49. b7 h5 50. b8=Q Kf6 51. Kg3 Kf7 52. h4 Kf6
53. Kf4 1-0

[Event "Offene Hessische Senioren Einzelmeisters"]
[Site "Bad Sooden- Allendorf"]
[Date "2011.05.06"]
[Round "7.91"]
[White "Bartl, Birgit"]
[Black "Knaak, Hans"]
[Result "0-1"]
[WhiteElo "1511"]
[BlackElo "1768"]
[PlyCount "79"]
[EventDate "2011.??.??"]

1. e4 c5 2. Nc3 d6 3. d3 Nf6 4. f4 a6 5. Nf3 Qc7 6. Be2 g6 7. O-O Nc6 8. Be3
Bg7 9. Rb1 O-O 10. Qe1 Ng4 11. Bf2 Nxf2 12. Rxf2 Nd4 13. Nd5 Qd8 14. c3 Nxf3+
15. Bxf3 e6 16. Ne3 Rb8 17. Kh1 b5 18. b4 Qb6 19. a3 Bb7 20. Rc1 Rfd8 21. f5
exf5 22. exf5 Re8 23. fxg6 hxg6 24. Bxb7 Rxb7 25. Qd2 Bh6 26. Re1 Rbe7 27. Rfe2
cxb4 28. d4 bxc3 29. Qxc3 Re4 30. Nd5 Rxe2 31. Nf6+ Kh8 32. Nxe8 Rxe1+ 33. Qxe1
Qxd4 34. h3 Qe5 35. Qh4 Qxe8 36. Qxh6+ Kg8 37. Qf4 Qe1+ 38. Kh2 Qe5 39. g3 Qxf4
40. gxf4 0-1

[Event "Offene Hessische Senioren Einzelmeisters"]
[Site "Bad Sooden- Allendorf"]
[Date "2011.05.06"]
[Round "7.92"]
[White "Pastowski, Werner"]
[Black "Graffenberger, Marianne"]
[Result "1-0"]
[WhiteElo "1804"]
[BlackElo "1483"]
[PlyCount "77"]
[EventDate "2011.??.??"]

1. d4 d5 2. c4 Nf6 3. Nc3 c6 4. e3 Nbd7 5. Nf3 e6 6. a3 Be7 7. Be2 O-O 8. O-O
Ne4 9. Nxe4 dxe4 10. Nd2 f5 11. f3 Nf6 12. fxe4 fxe4 13. Qc2 Bd7 14. Nxe4 Nxe4
15. Qxe4 Rxf1+ 16. Bxf1 Qf8 17. Bd2 Qf6 18. Bd3 g6 19. Rf1 Qh4 20. Qxh4 Bxh4
21. g3 Be7 22. e4 Kg7 23. Bc3 Kh6 24. Rf7 Re8 25. Bd2+ Bg5 26. Bxg5+ Kxg5 27.
Rxd7 Rf8 28. Kg2 h5 29. h4+ Kh6 30. Rxb7 a5 31. d5 exd5 32. exd5 cxd5 33. cxd5
Rd8 34. Be4 Re8 35. Kf3 Rf8+ 36. Ke2 Re8 37. Kd3 Rd8 38. Rb6 Kg7 39. Rxg6+ 1-0

[Event "Offene Hessische Senioren Einzelmeisters"]
[Site "Bad Sooden- Allendorf"]
[Date "2011.05.06"]
[Round "7.93"]
[White "Geibel, Henning"]
[Black "Krüger, Bernhard"]
[Result "1/2-1/2"]
[WhiteElo "1536"]
[BlackElo "1789"]
[PlyCount "43"]
[EventDate "2011.??.??"]

1. e4 d5 2. e5 c5 3. Nf3 Bf5 4. b3 e6 5. d4 Nc6 6. Bb5 a6 7. Bxc6+ bxc6 8. O-O
Be7 9. Ba3 Qa5 10. Qd2 Qxd2 11. Nbxd2 Bxc2 12. dxc5 Bd3 13. Rfe1 Nh6 14. Nd4
Bb5 15. b4 O-O 16. N2b3 Kh8 17. Na5 Rac8 18. Bc1 Ba4 19. Bxh6 gxh6 20. Re3 Bg5
21. Ra3 Bb5 22. Rf3 1/2-1/2

[Event "Offene Hessische Senioren Einzelmeisters"]
[Site "Bad Sooden- Allendorf"]
[Date "2011.05.06"]
[Round "7.94"]
[White "Donner, Ernst"]
[Black "Bangert, Rüdiger"]
[Result "1-0"]
[WhiteElo "1648"]
[BlackElo "1684"]
[PlyCount "53"]
[EventDate "2011.??.??"]

1. e4 d6 2. Nf3 b6 3. Bc4 Bb7 4. d3 e6 5. Bg5 Be7 6. Bxe7 Nxe7 7. O-O O-O 8.
Nc3 a6 9. Ne2 Nbc6 10. a3 Ng6 11. Ng3 Qf6 12. c3 Rad8 13. Qe2 Rfe8 14. Nh5 Qe7
15. Qe3 Nce5 16. Nxe5 Nxe5 17. Qg3 f6 18. Bxe6+ Kh8 19. Bd5 Bc8 20. f4 Ng6 21.
f5 Nf8 22. Rf4 g5 23. h4 h6 24. hxg5 hxg5 25. Qg4 Ng6 26. Rf2 Rf8 27. g3 {
weitere 11 Züge nicht rekonstruierbar} 1-0

[Event "Offene Hessische Senioren Einzelmeisters"]
[Site "Bad Sooden- Allendorf"]
[Date "2011.05.06"]
[Round "7.95"]
[White "Henniges, Erhard"]
[Black "Maczollek, Helmut"]
[Result "1/2-1/2"]
[WhiteElo "1682"]
[BlackElo "1685"]
[PlyCount "29"]
[EventDate "2011.??.??"]

1. Nf3 d5 2. g3 Nf6 3. Bg2 Nbd7 4. O-O e5 5. d4 exd4 6. Nxd4 c6 7. Bg5 Be7 8.
Nf5 O-O 9. Nxe7+ Qxe7 10. Nc3 Re8 11. Re1 h6 12. Bxf6 Nxf6 13. e4 dxe4 14. Nxe4
Be6 15. Qd6 1/2-1/2

[Event "Offene Hessische Senioren Einzelmeisters"]
[Site "Bad Sooden- Allendorf"]
[Date "2011.05.06"]
[Round "7.96"]
[White "Fister, Horst-Lothar"]
[Black "Mittelstaedt, Ewald"]
[Result "0-1"]
[WhiteElo "1669"]
[BlackElo "1684"]
[PlyCount "66"]
[EventDate "2011.??.??"]

1. Nf3 Nf6 2. d4 d5 3. e3 Bg4 4. c4 c6 5. Nc3 e6 6. Qb3 Qc7 7. c5 Nbd7 8. Be2
Be7 9. h3 Bh5 10. Qd1 h6 11. O-O O-O 12. Re1 Ne4 13. Bd2 f5 14. b4 a6 15. Nxe4
fxe4 16. Ne5 Bxe2 17. Qxe2 Nxe5 18. dxe5 Qxe5 19. Rab1 Bh4 20. Rf1 Rf7 21. f3
exf3 22. Rxf3 Raf8 23. Rxf7 Rxf7 24. Rf1 Rxf1+ 25. Qxf1 Qf6 26. Qxf6 gxf6 27.
Kf1 e5 28. Ke2 e4 29. Be1 Bxe1 30. Kxe1 Kg7 31. g4 Kg6 32. h4 h5 33. gxh5+ Kxh5
0-1

[Event "Offene Hessische Senioren Einzelmeisters"]
[Site "Bad Sooden- Allendorf"]
[Date "2011.05.06"]
[Round "7.97"]
[White "Gröner, Marga"]
[Black "Hespers, Rolf"]
[Result "0-1"]
[WhiteElo "1480"]
[BlackElo "1784"]
[PlyCount "50"]
[EventDate "2011.??.??"]

1. d4 Nf6 2. c3 d5 3. e3 e6 4. Bd3 Bd6 5. Nf3 O-O 6. Nbd2 Re8 7. O-O Nc6 8. Bc2
e5 9. dxe5 Nxe5 10. Nxe5 Bxe5 11. Nf3 Bd6 12. h3 c6 13. Bd3 h6 14. Qc2 Bc7 15.
b3 Qd6 16. Bb2 Ne4 17. Bxe4 dxe4 18. Rfd1 Qg6 19. Ne1 Bxh3 20. Kf1 Bg4 21. Rd2
Qh5 22. f3 exf3 23. Nxf3 Rxe3 24. Rd3 Bf5 25. Nd4 Bxd3+ 0-1

[Event "Offene Hessische Senioren Einzelmeisters"]
[Site "Bad Sooden- Allendorf"]
[Date "2011.05.06"]
[Round "7.98"]
[White "Schumacher, Ursula"]
[Black "Köhler, Marianne"]
[Result "1-0"]
[WhiteElo "1667"]
[BlackElo "1661"]
[PlyCount "21"]
[EventDate "2011.??.??"]

1. c4 e6 2. Nc3 Ne7 3. Nf3 Nbc6 4. g3 Nf5 5. a3 Ncd4 6. Nxd4 Nxd4 7. Bg2 Nf5 8.
d4 c6 9. e4 Ne7 10. O-O Ng6 11. e5 {weitere Partie nicht rekonstruierbar} 1-0

[Event "Offene Hessische Senioren Einzelmeisters"]
[Site "Bad Sooden- Allendorf"]
[Date "2011.05.06"]
[Round "7.99"]
[White "Wernitz, Armin"]
[Black "Wolff, Heinz"]
[Result "0-1"]
[WhiteElo "1598"]
[BlackElo "1613"]
[PlyCount "94"]
[EventDate "2011.??.??"]

1. d4 d5 2. Nf3 c6 3. g3 g6 4. Bg2 Bg7 5. O-O Nf6 6. Nc3 O-O 7. h3 Nbd7 8. Re1
Qc7 9. Bf4 Qb6 10. Rb1 Re8 11. Qd2 Ne4 12. Qd3 Ndf6 13. Nd2 Nxd2 14. Qxd2 Nd7
15. Red1 e5 16. dxe5 Nxe5 17. Be3 Nc4 18. Bxb6 Nxd2 19. Rxd2 axb6 20. Ra1 Be6
21. Nd1 d4 22. a3 Rad8 23. Kh2 Bc4 24. Bf3 Bd5 25. Rc1 Bh6 26. Rxd4 Bxc1 27.
Bxd5 Rxd5 28. Rxd5 cxd5 29. e3 Rd8 30. c3 f5 31. Kg2 b5 32. Kf3 Kf7 33. Ke2 d4
34. cxd4 Rc8 35. Kd3 Ke6 36. Ke2 Bxb2 37. Kd3 Bxa3 38. f3 b4 39. e4 fxe4+ 40.
fxe4 b3 41. d5+ Ke5 42. Nc3 Bb4 43. Na4 b5 44. Nb6 Rc3+ 45. Ke2 b2 46. Nd7+ Kd6
47. Nf6 Rc2+ 0-1

[Event "Offene Hessische Senioren Einzelmeisters"]
[Site "Bad Sooden- Allendorf"]
[Date "2011.05.06"]
[Round "7.100"]
[White "Dirks, Rainer"]
[Black "Lübbers, Dr. Doris"]
[Result "1/2-1/2"]
[WhiteElo "1610"]
[BlackElo "1602"]
[PlyCount "52"]
[EventDate "2011.??.??"]

1. e4 c5 2. Nf3 d6 3. Nc3 Nf6 4. Be2 e6 5. d3 Be7 6. O-O O-O 7. e5 dxe5 8. Nxe5
Qc7 9. Nf3 b6 10. Nb5 Qd8 11. Ne5 a6 12. Nc3 Bb7 13. Bf3 Bxf3 14. Qxf3 Ra7 15.
Bf4 Nd5 16. Nxd5 exd5 17. Ng4 Nc6 18. c3 Bg5 19. Rfe1 Bxf4 20. Qxf4 Ne7 21.
Rad1 Ng6 22. Qd2 Re8 23. Rxe8+ Qxe8 24. Ne3 Qd7 25. Re1 Ra8 26. Qe2 Rd8 1/2-1/2

[Event "Offene Hessische Senioren Einzelmeisters"]
[Site "Bad Sooden- Allendorf"]
[Date "2011.05.06"]
[Round "7.102"]
[White "Rollwitz, Inge"]
[Black "Semisch, Helga"]
[Result "0-1"]
[WhiteElo "1476"]
[BlackElo "1609"]
[PlyCount "70"]
[EventDate "2011.??.??"]

1. d4 d5 2. c4 c6 3. e3 Nd7 4. Nf3 a6 5. Nc3 e6 6. a3 b6 7. b4 Ngf6 8. Bd3 Bd6
9. c5 Bc7 10. O-O O-O 11. a4 Rb8 12. Qc2 h6 13. e4 e5 14. exd5 Nxd5 15. Nxd5
cxd5 16. dxe5 Nxe5 17. Nxe5 Bxe5 18. Rb1 bxc5 19. bxc5 Qc7 20. g3 Bb7 21. Bb2
d4 22. Rfe1 Bc8 23. Be4 f5 24. Qc4+ Kh8 25. Bg2 Rd8 26. Bd5 f4 27. Bxd4 Bxd4
28. Qxd4 fxg3 29. hxg3 Bb7 30. c6 Bxc6 31. Rxb8 Qxb8 32. Re5 Qb7 33. Qh4 Bxd5
34. Re1 Qd7 35. Qb4 Ba8 0-1

[Event "Offene Hessische Senioren Einzelmeisters"]
[Site "Bad Sooden- Allendorf"]
[Date "2011.05.06"]
[Round "7.103"]
[White "Nols, Uwe"]
[Black "Ludwig, Egbert"]
[Result "0-1"]
[WhiteElo "1229"]
[BlackElo "1490"]
[PlyCount "125"]
[EventDate "2011.??.??"]

1. e4 e6 2. d4 d5 3. e5 c5 4. c3 Qb6 5. Nf3 Nc6 6. Be2 cxd4 7. Nxd4 Nxe5 8. b4
Bd7 9. Be3 Qc7 10. O-O a6 11. a4 Nc6 12. b5 Nxd4 13. Bxd4 axb5 14. a5 Bc5 15.
Bxg7 Rxa5 16. Rxa5 Qxa5 17. Bxh8 f6 18. Bh5+ Ke7 19. Nd2 Qxc3 20. Qc1 b4 21.
Nb3 Bd6 22. Na5 b6 23. Qxc3 bxc3 24. Nb3 b5 25. f4 b4 26. Bd1 Kf8 27. h3 Be7
28. Bc2 Nh6 29. g4 Nf7 30. Bxf6 Bxf6 31. g5 Bg7 32. Bxh7 d4 33. f5 e5 34. f6
Bh8 35. g6 Nh6 36. g7+ Bxg7 37. fxg7+ Kxg7 38. Bc2 Bxh3 39. Rf3 Be6 40. Rg3+
Kf7 41. Nc5 Bf5 42. Bb3+ Kf6 43. Rf3 Kg5 44. Rg3+ Kf4 45. Kg2 Be4+ 46. Nxe4
Kxe4 47. Bc2+ Kd5 48. Bb3+ Kc5 49. Rg5 d3 50. Rxe5+ Kd4 51. Re1 c2 52. Rc1 Kc3
53. Ba4 Kb2 54. Rd1 c1=Q 55. Rxd3 Qg5+ 56. Kf2 Qf5+ 57. Ke2 Qe4+ 58. Kd2 Qxd3+
59. Kxd3 Ka3 60. Bc2 Nf5 61. Kc4 Nd6+ 62. Kc5 Nf7 63. Kc4 {weitere Züge nicht
rekonstruierbar} 0-1